China-Tibet-India : (Record no. 28890)

MARC details
000 -LEADER
fixed length control field 01333nam a22003255a 4500
005 - DATE AND TIME OF LATEST TRANSACTION
control field 2009080307477.0
008 - FIXED-LENGTH DATA ELEMENTS--GENERAL INFORMATION
fixed length control field 090305s2009 ii ab b 001 0 eng d
010 ## - LCCN (DPL NO)
LC control number ENG-94633
020 ## - INTERNATIONAL STANDARD BOOK NUMBER
International Standard Book Number 9788124114667
Terms of availability 595.00
035 ## - SYSTEM CONTROL NUMBER
System control number EN-78166
037 ## - SOURCE OF ACQUISITION
Stock number DBAD / PUB
040 ## - CATALOGING SOURCE
Original cataloging agency dpl
Language of cataloging English
082 ## - DEWEY DECIMAL CLASSIFICATION NUMBER
Classification number 954.09
100 ## - MAIN ENTRY--PERSONAL NAME
Personal name Das, Gautam
245 ## - TITLE STATEMENT
Title China-Tibet-India :
Remainder of title the 1962 war and the strategic military future /
Statement of responsibility, etc by Gautam Das
260 ## - PUBLICATION, DISTRIBUTION, ETC. (IMPRINT)
Place of publication, distribution, etc New Delhi
Name of publisher, distributor, etc Har-Anand Publications
Date of publication, distribution, etc 2009
270 ## - ADDRESS
Address E-49/3, Okhla Industrial Area, Phase-II,
City New Delhi
Postal code 110020
300 ## - PHYSICAL DESCRIPTION
Extent 340 p. :
Other physical details ill. (some col.), maps ;
Dimensions 23cm(Hb)
490 ## - SERIES STATEMENT
Series statement Military affairs series
500 ## - GENERAL NOTE
General note Includes bibliographical references and index
650 ## - SUBJECT ADDED ENTRY--TOPICAL TERM
Topical term or geographic name as entry element Sino-Indian Border Dispute, 1957.
651 ## - SUBJECT ADDED ENTRY--GEOGRAPHIC NAME
Geographic name India
General subdivision Military relations
Geographic subdivision China.
651 ## - SUBJECT ADDED ENTRY--GEOGRAPHIC NAME
Geographic name China
General subdivision Military relations
Geographic subdivision India.
651 ## - SUBJECT ADDED ENTRY--GEOGRAPHIC NAME
Geographic name India
General subdivision Military relations
Geographic subdivision China
-- Tibet.
651 ## - SUBJECT ADDED ENTRY--GEOGRAPHIC NAME
Geographic name Tibet (China)
General subdivision Military relations
Geographic subdivision India.
651 ## - SUBJECT ADDED ENTRY--GEOGRAPHIC NAME
Geographic name China
General subdivision Military relations
Geographic subdivision China
-- Tibet.
651 ## - SUBJECT ADDED ENTRY--GEOGRAPHIC NAME
Geographic name Tibet (China)
General subdivision Military relations
Geographic subdivision China.
942 ## - ADDED ENTRY ELEMENTS (KOHA)
Source of classification or shelving scheme Dewey Decimal Classification
Item type English Books
Classification part 95409
Call number suffix DAS
Holdings
Withdrawn status Lost status Source of classification or shelving scheme Damaged status Not for loan Collection code Home library Current library Date acquired Source of acquisition Cost, normal purchase price Total Checkouts Full call number Barcode Date last seen Copy number Cost, replacement price Koha item type
    Dewey Decimal Classification   Not For Loan Non-fiction D.B.Act.Division D.B.Act.Division 03/08/2009 DBAD / PUB 595.00   954.09 DAS EN-78166 03/08/2009 1 595.00 English Books

© Delhi Public Library
Hit Counter
free hit counter